[Event "Women's Speed Chess Q8"]
[Site "chess.com INT"]
[Date "2021.06.06"]
[Round "5"]
[White "Eswaran, Ashritha"]
[Black "Arabidze, Meri"]
[Result "1/2-1/2"]
[WhiteTitle "WIM"]
[BlackTitle "IM"]
[WhiteElo "2244"]
[BlackElo "2432"]
[WhiteFideId "2080788"]
[BlackFideId "13604040"]
[EventDate "2021.06.06"]

1. e4 c5 2. Nf3 e6 3. d4 cxd4 4. Nxd4 Nc6 5. Nc3 a6 6. Be3 Nf6 7. a3 Qc7 8. Be2
Be7 9. O-O O-O 10. f4 d6 11. a4 Na5 12. g4 Nc4 13. Bxc4 Qxc4 14. g5 Nd7 15. f5
Ne5 16. f6 Bd8 17. fxg7 Kxg7 18. Nde2 Ng4 19. Bf4 e5 20. Bd2 Qc5+ 21. Kg2 Ne3+
22. Bxe3 Qxe3 23. Rf3 Qc5 24. Ng3 Bg4 25. Nf5+ Kh8 26. Qxd6 Qxd6 27. Nxd6 Bxf3+
28. Kxf3 Bxg5 29. Nd5 Rad8 30. Nf5 Rc8 31. Rg1 Bf4 32. c3 b5 33. Nxf4 exf4 34.
axb5 axb5 35. Kxf4 b4 36. Rg3 bxc3 37. bxc3 Rg8 38. Rd3 Rgd8 39. Rd4 Rxd4 40.
cxd4 Rc2 41. h4 Kg8 42. h5 Kf8 43. h6 Ke8 44. d5 Kd7 45. e5 Rc4+ 46. Kg5 Rc5 47.
Ne3 Rc3 48. Ng4 Ke7 49. Nf6 Rg3+ 50. Kf4 Rg6 51. Ke4 Kd8 52. Nxh7 Rxh6 53. Ng5
Rh4+ 54. Kf5 Ke8 55. d6 Rh1 56. Ne4 Rf1+ 57. Kg5 Re1 58. Nf6+ Kd8 59. Kf5 Rf1+
60. Kg5 Re1 61. Kf5 Rf1+ 62. Kg5 Re1 1/2-1/2

[Event "Women's Speed Chess Q8"]
[Site "chess.com INT"]
[Date "2021.06.06"]
[Round "5"]
[White "Pourkashiyan, Atousa"]
[Black "Obregon Garcia, Roxangel"]
[Result "1-0"]
[WhiteTitle "WGM"]
[BlackTitle "WIM"]
[WhiteElo "2322"]
[BlackElo "2167"]
[WhiteFideId "12502014"]
[BlackFideId "3520420"]
[EventDate "2021.06.06"]

1. e4 d5 2. exd5 Qxd5 3. Nc3 Qa5 4. d4 Nf6 5. Bc4 Bf5 6. Nf3 e6 7. Bd2 Bb4 8. a3
Bxc3 9. Bxc3 Qb6 10. Bb4 Qc6 11. Qe2 Qe4 12. O-O-O Qxe2 13. Bxe2 Nbd7 14. Nh4
Be4 15. f3 Bc6 16. g4 O-O-O 17. Rhe1 Nd5 18. Bd2 N7b6 19. Ng2 Rhe8 20. c4 Nf6
21. Bg5 h6 22. Bxf6 gxf6 23. Nf4 e5 24. dxe5 fxe5 25. Nh5 Rd4 26. Ng3 Red8 27.
Rxd4 exd4 28. Rd1 d3 29. Rxd3 Rxd3 30. Bxd3 Bxf3 31. Bf5+ Kd8 32. b3 Ke7 33. Nh5
Nd7 34. Nf4 c6 35. h3 Ne5 36. Kd2 Kf6 37. Ke3 Bh1 38. Ne2 Bg2 39. h4 Bf1 40. Ng3
Bg2 41. Kf4 1-0

[Event "Women's Speed Chess Q8"]
[Site "chess.com INT"]
[Date "2021.06.06"]
[Round "5"]
[White "Varney, Zoe"]
[Black "Tsatsalashvili, Keti"]
[Result "0-1"]
[WhiteTitle "WCM"]
[BlackTitle "WGM"]
[WhiteElo "1917"]
[BlackElo "2331"]
[WhiteFideId "436135"]
[BlackFideId "13603434"]
[EventDate "2021.06.06"]

1. e4 c5 2. Nf3 d6 3. d4 cxd4 4. Nxd4 Nf6 5. Nc3 Nc6 6. Be3 Ng4 7. Nxc6 bxc6 8.
Bd2 Qb6 9. Qf3 g6 10. h3 Ne5 11. Qg3 Bg7 12. f4 Nd7 13. O-O-O Rb8 14. b3 Nc5 15.
f5 Be5 16. Qf3 Ba6 17. g4 Qa5 18. Na4 Qxa4 19. bxa4 Bb2+ 20. Kb1 Be5+ 21. Kc1
Bb2+ 22. Kb1 Be5+ 23. Bb5 cxb5 24. c3 bxa4+ 25. Kc2 Bd3+ 26. Qxd3 Nxd3 27. Kxd3
Kd7 28. Be3 a6 29. Rb1 Rhc8 30. Rxb8 Rxb8 31. Rc1 Rb2 32. Rc2 a3 33. Rxb2 axb2
34. Kc2 Bxc3 35. Bf2 Be5 36. Be3 e6 37. Bd2 d5 38. exd5 exd5 39. Bb4 gxf5 40.
gxf5 Kc6 41. Ba3 Kb5 42. Bxb2 Bxb2 43. Kxb2 Kc4 44. Kc2 Kd4 45. Kd2 Ke4 46. Kc3
Kxf5 47. Kd4 Ke6 48. h4 Kd6 49. a3 a5 50. a4 h5 51. Kd3 Ke5 52. Ke3 f5 53. Kd3
f4 54. Ke2 Ke4 55. Kf2 d4 0-1

[Event "Women's Speed Chess Q8"]
[Site "chess.com INT"]
[Date "2021.06.06"]
[Round "5"]
[White "Nikolova, Adriana"]
[Black "Mkrtchian, Lilit"]
[Result "1-0"]
[WhiteTitle "WGM"]
[BlackTitle "IM"]
[WhiteElo "2243"]
[BlackElo "2388"]
[WhiteFideId "2908689"]
[BlackFideId "13300601"]
[EventDate "2021.06.06"]

1. e4 e6 2. d4 d5 3. Nd2 c5 4. exd5 exd5 5. Ngf3 Nc6 6. Bb5 Qe7+ 7. Be2 Qc7 8.
O-O Nf6 9. Bb5 cxd4 10. Nxd4 Be7 11. Re1 O-O 12. N2f3 Bc5 13. c3 Bg4 14. Qa4
Bxf3 15. Nxf3 Rfe8 16. Bg5 Re4 17. Rxe4 Nxe4 18. Bh4 Qb6 19. Rf1 a6 20. Bxc6
bxc6 21. b4 Bf8 22. Qc2 h6 23. Nd2 f5 24. Nxe4 fxe4 25. Bg3 Qb5 26. Be5 Qc4 27.
Rd1 Bxb4 28. Qb2 Bf8 29. Qb7 Re8 30. Bd4 Qb5 31. Qd7 Rb8 32. Qe6+ Kh7 33. h4 Qb7
34. h5 c5 35. Qg6+ Kg8 36. Be5 Rd8 37. Bf4 Qf7 38. Qg4 Re8 39. Bg3 Rd8 40. Qh3
Re8 41. Qg4 Rd8 42. Bh4 Re8 43. g3 Qe6 44. Qf4 Qd7 45. Qe3 Qe6 46. g4 Rc8 47.
Bg3 Qxg4 48. Rxd5 1-0

[Event "Women's Speed Chess Q8"]
[Site "chess.com INT"]
[Date "2021.06.06"]
[Round "5"]
[White "Priyanka, K"]
[Black "Klinova, Masha"]
[Result "1-0"]
[WhiteTitle "WIM"]
[BlackTitle "IM"]
[WhiteElo "2218"]
[BlackElo "2275"]
[WhiteFideId "5082986"]
[BlackFideId "2802015"]
[EventDate "2021.06.06"]

1. e4 d6 2. d4 Nf6 3. Nc3 g6 4. Be3 a6 5. f3 b5 6. Qd2 Nbd7 7. h4 h5 8. Nh3 Bb7
9. Ng5 Bg7 10. a4 b4 11. Ne2 a5 12. Nf4 c5 13. Bc4 d5 14. exd5 cxd4 15. Bxd4 O-O
16. d6 e6 17. O-O Nb6 18. Bb3 Qxd6 19. Rad1 Nbd5 20. Nd3 Qg3 21. Bf2 Qc7 22.
Rfe1 Rad8 23. Qe2 Nf4 24. Nxf4 Qxf4 25. Rxd8 Rxd8 26. Nxf7 Re8 27. Bxe6 Kh7 28.
Ng5+ Kh6 29. Be3 Qb8 30. Bc4 Qc8 31. b3 Bc6 32. Qd2 Bf8 33. Ne4+ Kg7 34. Nxf6
Kxf6 35. Qd4+ Re5 36. Bg5+ Kg7 37. Qxe5+ Kh7 38. Qf6 Bg7 39. Qf7 Bxa4 40. Re7
Qh8 41. Qxg7+ Qxg7 42. Rxg7+ Kxg7 43. bxa4 Kf8 44. f4 Ke8 45. Bf6 Kf8 46. Bd4
Ke8 47. Bb6 Kf8 48. Bxa5 Ke8 49. Bxb4 1-0

[Event "Women's Speed Chess Q8"]
[Site "chess.com INT"]
[Date "2021.06.06"]
[Round "5"]
[White "Morris-Suzuki, Sophie"]
[Black "Doluhanova, Evgeniya"]
[Result "1-0"]
[WhiteTitle "WFM"]
[BlackTitle "WGM"]
[WhiteElo "2043"]
[BlackElo "2192"]
[WhiteFideId "30922615"]
[BlackFideId "14112035"]
[EventDate "2021.06.06"]

1. d4 Nf6 2. c4 e6 3. Nc3 Bb4 4. e3 O-O 5. a3 Bxc3+ 6. bxc3 c5 7. Bd3 d5 8. cxd5
exd5 9. Ne2 c4 10. Bc2 Nc6 11. O-O Re8 12. f3 Qa5 13. Bd2 Bd7 14. Ng3 Re7 15. e4
dxe4 16. fxe4 Bg4 17. Qe1 Rae8 18. Qf2 Nh5 19. e5 Nxg3 20. hxg3 Bh5 21. g4 Bg6
22. Bf5 Qd5 23. Bg5 Rc7 24. Rae1 Nd8 25. Re3 Ne6 26. Bh4 b5 27. Rh3 a5 28. Bxg6
fxg6 29. Rf3 g5 30. Bxg5 b4 31. axb4 axb4 32. Bd2 b3 33. Bc1 Qe4 34. Ba3 h6 35.
Rf7 Rec8 36. Bd6 Qxg4 37. Bxc7 Nxc7 38. Rf8+ Rxf8 39. Qxf8+ Kh7 40. Qc5 b2 41.
Qxc4 Ne6 42. Qd3+ Kg8 43. d5 Nf4 44. Qd2 Nh3+ 45. Kh1 Qh4 46. gxh3 Qxh3+ 47. Kg1
Qg3+ 48. Qg2 Qe3+ 49. Qf2 Qg5+ 50. Qg2 Qe3+ 51. Kh1 Qxe5 52. Qxb2 Qe4+ 53. Qg2
Qh4+ 54. Kg1 Qf4 55. Rxf4 1-0

[Event "Women's Speed Chess Q8"]
[Site "chess.com INT"]
[Date "2021.06.06"]
[Round "5"]
[White "Perez Rodriguez, Jennifer"]
[Black "Varshini, V"]
[Result "1-0"]
[WhiteTitle "WIM"]
[BlackTitle "WGM"]
[WhiteElo "2251"]
[BlackElo "2226"]
[WhiteFideId "3507831"]
[BlackFideId "5091241"]
[EventDate "2021.06.06"]

1. e4 c5 2. c3 e6 3. d4 d5 4. exd5 Qxd5 5. Nf3 Nf6 6. Bd3 Be7 7. Be3 cxd4 8.
cxd4 O-O 9. Nc3 Qd8 10. O-O a6 11. a3 b5 12. Bc2 Bb7 13. Qd3 Nbd7 14. Bg5 Re8
15. Rad1 Nf8 16. Ne5 Rc8 17. Rfe1 Nd5 18. Bxe7 Rxe7 19. Ne4 Nf4 20. Qd2 Bxe4 21.
Bxe4 Nd5 22. Rc1 Rec7 23. h3 Nf6 24. Bf3 Rxc1 25. Rxc1 Rxc1+ 26. Qxc1 Qxd4 27.
Nc6 Qd6 28. Qc3 h6 29. Qa5 Qc5 30. g3 Ng6 31. Qxa6 Qc1+ 32. Kg2 Qxb2 33. Qc8+
Kh7 34. Nd8 Ne5 35. Qb7 Nd3 36. Be4+ Nxe4 37. Qxe4+ f5 38. Qxd3 Qe5 39. Nc6 Qf6
40. Nd4 Qe5 41. Nxb5 Qc5 42. a4 Qb4 43. Qd4 Qa5 44. Nd6 Qa8+ 45. Kh2 Qf3 46. Nf7
Qa3 47. Ne5 Qa2 48. Qc5 Qxa4 49. Qe3 Qa6 50. Nf3 Qa2 51. Nd4 Qd5 52. Nxe6 f4 53.
Nxf4 1-0

[Event "Women's Speed Chess Q8"]
[Site "chess.com INT"]
[Date "2021.06.06"]
[Round "5"]
[White "Eswaran, Aksithi"]
[Black "Petrova, Irina"]
[Result "1/2-1/2"]
[WhiteTitle "WCM"]
[BlackTitle "WIM"]
[WhiteElo "1745"]
[BlackElo "2110"]
[WhiteFideId "2083485"]
[BlackFideId "14124122"]
[EventDate "2021.06.06"]

1. e4 d6 2. d4 Nf6 3. Nc3 e5 4. Nf3 Nbd7 5. Be2 Be7 6. O-O O-O 7. Bg5 c6 8. a4
h6 9. Bh4 exd4 10. Nxd4 Nc5 11. Bf3 Re8 12. b4 Ncd7 13. Nf5 Ne5 14. Bg3 Bxf5 15.
exf5 Nxf3+ 16. Qxf3 d5 17. Rab1 Bd6 18. Bh4 Be5 19. Ne2 Qd6 20. h3 Ne4 21. Qe3
Nc3 22. Qf3 Nxe2+ 23. Kh1 Nd4 24. Qg4 Nxc2 25. Rfc1 Nd4 26. Rd1 b6 27. f6 g6 28.
f4 Nf5 29. fxe5 Qxe5 30. Re1 Qd4 31. Rxe8+ Rxe8 32. Qxd4 Nxd4 33. Bf2 Nf5 34.
Rc1 Re6 35. g4 Ne3 36. Bxe3 Rxe3 37. Rxc6 Rxh3+ 38. Kg2 Rb3 39. Rc8+ Kh7 40. Rc7
g5 41. Rxf7+ Kg6 42. Rxa7 Kxf6 43. b5 d4 44. Ra6 Ke5 45. Rxb6 Ra3 46. Rxh6 Rxa4
47. Rh5 Kf4 48. Rh6 Ra2+ 49. Kf1 d3 50. Rd6 Ke3 51. Re6+ Kd2 52. Rd6 Rb2 53. b6
Kc2 54. Rc6+ Kd1 55. Rd6 d2 56. Kf2 Kc1 57. Rc6+ Rc2 58. Rxc2+ Kxc2 59. b7 d1=Q
60. b8=Q Qd4+ 61. Kf3 Qd3+ 62. Kf2 Qd2+ 63. Kf3 Qd1+ 64. Kg3 Qd3+ 65. Kf2 Qd4+
66. Kf3 Qd3+ 67. Kf2 1/2-1/2

[Event "Women's Speed Chess Q8"]
[Site "chess.com INT"]
[Date "2021.06.06"]
[Round "5"]
[White "Fominykh, Maria"]
[Black "Von Herman, Brigitte"]
[Result "1/2-1/2"]
[WhiteTitle "WGM"]
[BlackTitle "WFM"]
[WhiteElo "2206"]
[BlackElo "1991"]
[WhiteFideId "4142411"]
[BlackFideId "4628730"]
[EventDate "2021.06.06"]

1. d4 d5 2. c4 Nc6 3. cxd5 Qxd5 4. e3 e5 5. Nc3 Bb4 6. Bd2 Bxc3 7. bxc3 Nf6 8.
c4 Qd7 9. d5 Ne7 10. Nf3 e4 11. Nd4 O-O 12. Be2 Ng6 13. h4 Ne5 14. Bc3 Re8 15.
h5 h6 16. Qd2 c6 17. dxc6 Nxc6 18. O-O Nxd4 19. Qxd4 Qf5 20. f3 Qd7 21. fxe4
Qxd4 22. Bxd4 Nxe4 23. Rf4 Ng5 24. Bd3 Be6 25. c5 a6 26. Rb1 Bd5 27. Rb2 Rad8
28. Rg4 Bc6 29. Bc4 Re7 30. Rf2 Bd5 31. Bd3 f6 32. Bg6 Be4 33. Rgf4 Bxg6 34.
hxg6 Re4 35. Rxe4 Nxe4 36. Rb2 Rd7 37. Kf1 Rc7 38. Ke2 Kf8 39. Kf3 Ng5+ 40. Kg4
Ke7 41. Kf5 Rc6 42. Rb6 Rxb6 43. cxb6 Ke8 44. Kf4 Ne6+ 45. Kf5 Nf8 46. Ke4 Nd7
47. Kf5 Ke7 48. e4 Kd6 49. g4 Kc6 50. e5 fxe5 51. Bxe5 Nxe5 52. Kxe5 Kd7 53. Kd5
Ke7 54. Ke5 Kd7 55. Kd5 Ke7 56. Ke5 Kd7 1/2-1/2

[Event "Women's Speed Chess Q8"]
[Site "chess.com INT"]
[Date "2021.06.06"]
[Round "5"]
[White "Pavlidou, Ekaterini"]
[Black "Purtseladze, Maka"]
[Result "0-1"]
[WhiteTitle "WIM"]
[BlackTitle "IM"]
[WhiteElo "2157"]
[BlackElo "2274"]
[WhiteFideId "4213262"]
[BlackFideId "13602659"]
[EventDate "2021.06.06"]

1. d4 Nf6 2. c4 Nc6 3. Nc3 e5 4. d5 Ne7 5. e4 Ng6 6. g3 Bb4 7. Qc2 Bxc3+ 8. bxc3
d6 9. Bg2 Nd7 10. Be3 b6 11. h4 Nc5 12. h5 Ne7 13. Nh3 h6 14. f4 f6 15. fxe5
dxe5 16. O-O Bg4 17. Nf2 Bxh5 18. Bh3 O-O 19. Qd2 Nc8 20. Kg2 Nd6 21. Bxc5 bxc5
22. Qe3 Nxc4 23. Qxc5 Nd2 24. g4 Bg6 25. Rfe1 Rb8 26. Rad1 Rb2 27. Re2 Nxe4 28.
Rxe4 Bxe4+ 29. Kg1 Bg6 30. d6 cxd6 31. Rxd6 Qb8 32. g5 hxg5 33. Be6+ Bf7 34. Qd5
Rb1+ 35. Kh2 Qb7 36. Qc4 Bxe6 37. Qxe6+ Qf7 38. Qf5 Qh5+ 39. Kg2 Rb2 40. Qe6+
Kh7 41. Qf5+ Qg6 42. Qh3+ Qh6 43. Qf5+ Kh8 44. Rd3 g6 45. Qe6 Rxf2+ 46. Kxf2
Qh2+ 47. Ke3 Qf4+ 48. Ke2 Qe4+ 49. Re3 Qg2+ 50. Ke1 Qg1+ 51. Ke2 Qh2+ 52. Ke1
Qh4+ 53. Ke2 g4 54. Qe7 Qh2+ 55. Ke1 Qh6 56. Qxf8+ Qxf8 57. Rh3+ Kg7 58. Kf2
Qc5+ 59. Kg3 gxh3 60. Kg4 Qxc3 61. Kh4 h2 0-1

[Event "Women's Speed Chess Q8"]
[Site "chess.com INT"]
[Date "2021.06.06"]
[Round "5"]
[White "Bulmaga, Irina"]
[Black "Dauletova, Gulmira"]
[Result "1/2-1/2"]
[WhiteTitle "IM"]
[BlackTitle "WGM"]
[WhiteElo "2440"]
[BlackElo "2257"]
[WhiteFideId "13903063"]
[BlackFideId "13702971"]
[EventDate "2021.06.06"]

1. e4 e5 2. Nf3 Nc6 3. d4 exd4 4. Nxd4 Nf6 5. Nxc6 bxc6 6. e5 Qe7 7. Qe2 Nd5 8.
c4 Nb6 9. Nc3 Ba6 10. b3 Qe6 11. Bb2 d5 12. exd6 cxd6 13. O-O-O Qxe2 14. Bxe2
O-O-O 15. Bf3 Kc7 16. a4 Nd7 17. Ne4 Ne5 18. Kc2 f6 19. Rd2 Be7 20. Rhd1 Bb7 21.
Be2 a6 22. f4 Nf7 23. g3 h5 24. Ba3 Bc8 25. a5 Bf5 26. Bd3 Bg4 27. Re1 Rd7 28.
Nf2 f5 29. h3 Bf3 30. Bxf5 Bf6 31. Bxd7 Kxd7 32. Ne4 Be7 33. Re3 Bxe4+ 34. Rxe4
Bf6 35. Re3 g5 36. fxg5 Bxg5 37. Rf3 Bxd2 38. Rxf7+ Ke6 39. Ra7 Bxa5 40. Rxa6
Be1 41. g4 hxg4 42. hxg4 Rh2+ 43. Kd1 Rh1 44. Kc2 Kd7 45. Ra7+ Ke6 46. Rc7 c5
47. g5 Rg1 48. Rg7 Bh4 49. g6 Bf6 50. Rg8 Kf5 51. g7 Rxg7 52. Rf8 Ke6 53. Rxf6+
Kxf6 54. Bb2+ Kf7 55. Bxg7 Kxg7 56. Kb2 Kf6 57. Ka3 Ke5 58. Ka4 Kd4 59. Ka3 Kc3
60. Ka2 Kc2 61. Ka3 Kb1 62. b4 cxb4+ 63. Kxb4 Kc2 64. c5 dxc5+ 65. Kxc5 1/2-1/2

[Event "Women's Speed Chess Q8"]
[Site "chess.com INT"]
[Date "2021.06.06"]
[Round "5"]
[White "Dong, Khanh Linh"]
[Black "Zaksaite, Salomeja"]
[Result "0-1"]
[WhiteTitle "WCM"]
[BlackTitle "WIM"]
[WhiteElo "1970"]
[BlackElo "2202"]
[WhiteFideId "12403040"]
[BlackFideId "12801496"]
[EventDate "2021.06.06"]

1. e4 c5 2. Nf3 e6 3. d4 cxd4 4. Nxd4 Nf6 5. Nc3 Nc6 6. Ndb5 d6 7. Be2 a6 8. Na3
b5 9. Ncb1 Nxe4 10. Be3 Be7 11. O-O O-O 12. Nd2 Nxd2 13. Qxd2 d5 14. Rad1 Bb7
15. Nb1 Qa5 16. Qxa5 Nxa5 17. b3 Rac8 18. c3 Bf6 19. Bb6 Nc6 20. Rc1 Ne5 21. f4
Nd7 22. Ba5 Rc6 23. g4 Re8 24. g5 Bd8 25. Bxd8 Rxd8 26. Nd2 Rdc8 27. Rf3 d4 28.
c4 Rd6 29. Rd3 Nc5 30. Rg3 d3 31. Bf3 Bxf3 32. Rxf3 b4 33. Kf2 f6 34. gxf6 gxf6
35. Rg1+ Kf7 36. Rfg3 e5 37. Rg7+ Ke6 38. fxe5 fxe5 39. Rxh7 Rf8+ 40. Ke3 Nd7
41. Rg6+ Nf6 42. Rhh6 Kf7 43. Rg1 Ng4+ 44. Rxg4 Rxh6 45. Kxd3 Rd8+ 46. Ke3 Rxh2
47. Ne4 Rxa2 48. Nc5 Ra3 49. Ke4 Rd4+ 50. Kf5 Rxg4 51. Kxg4 a5 52. Kf5 a4 53.
Nxa4 Rxb3 54. Kxe5 Ra3 55. Nc5 b3 56. Nd3 Ra2 57. Kd4 b2 58. Nxb2 Rxb2 59. Kd5
Ke7 60. Kc6 Kd8 61. c5 Kc8 62. Kd6 Rc2 63. Kc6 Rc1 64. Kd6 Kb7 0-1

[Event "Women's Speed Chess Q8"]
[Site "chess.com INT"]
[Date "2021.06.06"]
[Round "5"]
[White "Nguyen, Hong Ngoc"]
[Black "Nanditha, V"]
[Result "1-0"]
[WhiteTitle "WCM"]
[BlackTitle "WCM"]
[WhiteElo "1957"]
[BlackElo "1666"]
[WhiteFideId "12403083"]
[BlackFideId "46626697"]
[EventDate "2021.06.06"]

1. e4 c6 2. c4 d5 3. exd5 cxd5 4. d4 Nf6 5. Nc3 Nc6 6. Be3 e6 7. cxd5 Nxd5 8.
Bc4 Bb4 9. Ne2 Nxe3 10. fxe3 Qh4+ 11. g3 Qf6 12. a3 Qf3 13. Kd2 Bxc3+ 14. bxc3
Na5 15. Bd3 Bd7 16. Rf1 Qc6 17. Qc2 Rc8 18. Rab1 h5 19. h4 Rh6 20. Nf4 Nc4+ 21.
Bxc4 Qxc4 22. Qb3 b5 23. Qxc4 Rxc4 24. Rb4 Rc8 25. Nd3 Rf6 26. Rxf6 gxf6 27. Nf4
a5 28. Rb1 Ke7 29. Nxh5 Rg8 30. Rg1 e5 31. Rf1 Rg6 32. g4 Bxg4 33. Ng3 Bh3 34.
Rg1 Ke6 35. e4 Rg4 36. Ke3 Rxh4 37. d5+ Kd7 38. Rb1 Rg4 39. Nh5 Rg2 40. Rxb5 Bg4
41. Nxf6+ Kd6 42. Nxg4 Rxg4 43. Rxa5 Rg3+ 44. Kd2 Rg2+ 45. Kd3 Rg3+ 46. Kc4 Re3
47. Ra6+ Kd7 48. Ra7+ Ke8 49. Kc5 Rxe4 50. c4 Rd4 51. Kd6 Kf8 52. c5 e4 53. c6
e3 54. Ra8+ Kg7 55. Re8 Rd3 56. c7 Rc3 57. Kd7 f5 58. c8=Q Rxc8 59. Kxc8 f4 60.
d6 Kf7 61. d7 Kf6 62. d8=Q+ Kf5 63. Qd5+ Kg4 64. Qe4 Kg3 65. Rg8+ Kf2 66. Rg2+
Kf1 67. Rb2 f3 68. Qb1# 1-0

[Event "Women's Speed Chess Q8"]
[Site "chess.com INT"]
[Date "2021.06.06"]
[Round "5"]
[White "Antonova, Nadezhda"]
[Black "Linares Napoles, Oleiny"]
[Result "1-0"]
[WhiteTitle "WFM"]
[BlackTitle "WGM"]
[WhiteElo "1877"]
[BlackElo "2255"]
[WhiteFideId "14700182"]
[BlackFideId "3504794"]
[EventDate "2021.06.06"]

1. b3 b6 2. Bb2 Bb7 3. Nf3 Nf6 4. g3 g6 5. Bg2 Bg7 6. O-O O-O 7. d3 d6 8. Nbd2
Nbd7 9. e4 c5 10. a4 a6 11. Re1 Qc7 12. e5 dxe5 13. Nxe5 Bxg2 14. Kxg2 Rad8 15.
Ndf3 Qb7 16. Nxd7 Rxd7 17. Qe2 Rfd8 18. Rab1 b5 19. axb5 axb5 20. Kg1 Qd5 21.
Ne5 Ra7 22. f4 Rda8 23. Qg2 Ra2 24. Nc6 Qxg2+ 25. Kxg2 e6 26. Re2 Nd5 27. Ne5 f6
28. Nf3 Kf7 29. Nd2 Bf8 30. Ne4 Be7 31. Kf3 R8a6 32. Nc3 Nxc3 33. Bxc3 b4 34.
Be1 Bd6 35. Bf2 Rc6 36. Rbe1 Bf8 37. Rd2 Rc7 38. Rde2 Rc6 39. Rd2 h5 40. h3 Rca6
41. Rde2 Rb2 42. Rd2 Raa2 43. Ree2 Bd6 44. g4 hxg4+ 45. hxg4 Bf8 46. Bg1 Rb1 47.
Bf2 Raa1 48. Kg2 Rc1 49. Kf3 Rab1 50. Kg2 Ra1 51. Kf3 Rh1 52. Kg2 Rab1 53. Be3
Bd6 54. Kf3 Rbf1+ 55. Bf2 g5 56. fxg5 fxg5 57. Kg2 Bf4 58. Bxc5 Bxd2 59. Rxd2
Rc1 60. Bxb4 Rhd1 61. Rf2+ Kg6 62. Be7 Rf1 63. Re2 Rce1 64. Rd2 1-0

[Event "Women's Speed Chess Q8"]
[Site "chess.com INT"]
[Date "2021.06.06"]
[Round "5"]
[White "Nandhidhaa, P V"]
[Black "Mohota, Nisha"]
[Result "1/2-1/2"]
[WhiteTitle "WGM"]
[BlackTitle "IM"]
[WhiteElo "2365"]
[BlackElo "2195"]
[WhiteFideId "5050847"]
[BlackFideId "5004330"]
[EventDate "2021.06.06"]

1. b3 d5 2. Bb2 c6 3. g3 Nf6 4. Bg2 Bf5 5. Nf3 e6 6. O-O Nbd7 7. d3 h6 8. Nbd2
Bh7 9. Re1 Be7 10. e4 O-O 11. e5 Ne8 12. Qe2 Nc7 13. Nf1 a5 14. a3 a4 15. b4 c5
16. c3 Nb6 17. bxc5 Bxc5 18. Ne3 f5 19. exf6 Qxf6 20. Ng4 Qf5 21. Nge5 Rae8 22.
Rab1 Re7 23. Bc1 Nc4 24. Rxb7 Nxe5 25. Qxe5 Qxe5 26. Rxe5 Bxd3 27. Re1 Be4 28.
Nd4 Bxg2 29. Kxg2 e5 30. Nf3 e4 31. Nd4 Bxd4 32. cxd4 Ref7 33. Be3 Ne6 34. Rb4
Ra8 35. Rb5 Rd7 36. Reb1 Kf7 37. Rb7 Ke7 38. R1b5 Rxb7 39. Rxb7+ Kd6 40. Rb6+
Kd7 41. Rb5 Kc6 42. Rb4 Nc7 43. Rb1 Nb5 44. Rc1+ Kd7 45. Rc5 Nxa3 46. Rxd5+ Kc6
47. Rc5+ Kb6 48. d5 Kb7 49. d6 Rd8 50. Ra5 Rxd6 51. Rxa4 Nc2 52. Rc4 Nxe3+ 53.
fxe3 Rd2+ 54. Kh3 Kb6 55. Rxe4 Rf2 56. Rf4 Re2 57. Rf3 g5 58. Kg4 Rxh2 59. Kf5
Kc5 60. e4 Kd4 61. e5 Re2 62. e6 Kd5 63. Rd3+ Kc6 64. Kf6 Rf2+ 65. Kg7 Re2 66.
Kf8 Rxe6 67. Rf3 h5 68. Kg7 h4 69. gxh4 gxh4 70. Rh3 Re4 71. Kg6 Kd5 72. Kg5 Kd4
73. Rxh4 Rxh4 74. Kxh4 1/2-1/2

[Event "Women's Speed Chess Q8"]
[Site "chess.com INT"]
[Date "2021.06.06"]
[Round "5"]
[White "Vo, Thi Kim Phung"]
[Black "Maltsevskaya, Aleksandra"]
[Result "1-0"]
[WhiteTitle "WGM"]
[BlackTitle "WGM"]
[WhiteElo "2335"]
[BlackElo "2390"]
[WhiteFideId "12401838"]
[BlackFideId "24174041"]
[EventDate "2021.06.06"]

1. d4 Nf6 2. c4 g6 3. Nc3 Bg7 4. e4 d6 5. Be2 O-O 6. Nf3 e5 7. O-O Nc6 8. d5 Ne7
9. Ne1 Ne8 10. Be3 f5 11. f3 f4 12. Bf2 g5 13. Nd3 Rf7 14. c5 Ng6 15. Rc1 h5 16.
Nb5 a6 17. Na3 Bf8 18. Nc4 g4 19. cxd6 cxd6 20. fxg4 hxg4 21. Bxg4 Qg5 22. Bxc8
Rxc8 23. Qf3 Rh7 24. Nb6 Rcc7 25. Rxc7 Nxc7 26. a4 Ne8 27. Rc1 Nf6 28. h3 Nh4
29. Bxh4 Qxh4 30. Nf2 Rg7 31. Rc3 Rg3 32. Qe2 Bh6 33. Nc4 Qg5 34. Rxg3 fxg3 35.
Nd3 Bf8 36. a5 Qg6 37. Nd2 Bh6 38. Nc4 Nxe4 39. Qg4 Qxg4 40. hxg4 Bf8 41. Kf1
Nf6 42. Ke2 Nxd5 43. Kf3 Nf6 44. Kxg3 Kf7 45. g5 Ne4+ 46. Kg4 Kg6 47. Kf3 Nxg5+
48. Ke3 Kf5 49. Nf2 d5 50. g4+ Ke6 51. Nd2 Bc5+ 52. Ke2 e4 53. Nd1 Bb4 54. Nb3
Ke5 55. Ne3 d4 56. Nc4+ Kf4 57. Nb6 d3+ 58. Kd1 e3 59. Nd5+ Kf3 60. Nxb4 e2+ 61.
Kd2 Kf2 62. Nxd3+ Kf1 63. Nd4 Ne4+ 64. Ke3 Nc5 65. Nxe2 Nb3 66. g5 Nxa5 67. g6
Nc4+ 68. Kf3 Nd6 69. g7 Nf5 70. g8=Q Nh4+ 71. Kg4 Ng2 72. Ng3+ Kg1 73. Qf8 Ne3+
74. Kg5 Kg2 75. Qc5 Nf1 76. Nf5 Nd2 77. Qd5+ Nf3+ 78. Qxf3+ Kxf3 79. Nc5 b5 80.
Nxa6 Ke4 81. b4 Kd5 82. Kf4 Kc4 83. Ke4 Kb3 84. Kd5 Ka3 85. Kc5 Ka4 86. Kb6 Kb3
87. Kxb5 Kc3 88. Kc5 Kd3 89. b5 Ke4 90. b6 Ke5 91. b7 Ke6 92. b8=Q Kd7 93. Qb5+
Ke6 94. Ne3 Kf7 95. Nc2 Kf8 96. Qb6 Ke7 97. Kd5 Kd7 98. Qb7+ Ke8 99. Ke6 Kf8
100. Qf7# 1-0

[Event "Women's Speed Chess Q8"]
[Site "chess.com INT"]
[Date "2021.06.06"]
[Round "6"]
[White "Papp, Petra"]
[Black "Eswaran, Ashritha"]
[Result "0-1"]
[WhiteTitle "WGM"]
[BlackTitle "WIM"]
[WhiteElo "2336"]
[BlackElo "2244"]
[WhiteFideId "739049"]
[BlackFideId "2080788"]
[EventDate "2021.06.06"]

1. e4 c5 2. Nf3 d6 3. d4 cxd4 4. Nxd4 Nf6 5. Nc3 g6 6. Be3 Bg7 7. f3 Nc6 8. Qd2
O-O 9. Bc4 Bd7 10. O-O-O Ne5 11. Bb3 Rc8 12. Kb1 Nc4 13. Bxc4 Rxc4 14. g4 b5 15.
Nde2 b4 16. Nd5 Nxd5 17. exd5 Qa5 18. h4 Rfc8 19. Rc1 h5 20. gxh5 Bf5 21. Ng3
Bxc2+ 22. Ka1 Bxb2+ 23. Kxb2 Qa3+ 24. Ka1 b3 0-1

[Event "Women's Speed Chess Q8"]
[Site "chess.com INT"]
[Date "2021.06.06"]
[Round "6"]
[White "February, Jesse Nikki"]
[Black "Torres Hernandez, Leslie Carolin"]
[Result "0-1"]
[WhiteTitle "WIM"]
[BlackTitle "WFM"]
[WhiteElo "1863"]
[BlackElo "1884"]
[WhiteFideId "14312336"]
[BlackFideId "8400504"]
[EventDate "2021.06.06"]

1. e4 d6 2. d4 Nf6 3. Nc3 g6 4. Nf3 Bg7 5. Bd3 O-O 6. h3 c5 7. Be3 cxd4 8. Nxd4
Nc6 9. Nf3 d5 10. exd5 Nxd5 11. Nxd5 Qxd5 12. c3 Bf5 13. Bxf5 Qxf5 14. O-O Rad8
15. Qc1 e5 16. Bh6 e4 17. Bxg7 Kxg7 18. Nd2 Ne5 19. Qe1 Rfe8 20. Qxe4 Rxd2 21.
Qxf5 gxf5 22. Rfe1 Rdd8 23. Re2 Nd3 24. Rd2 Nf4 25. Rad1 Rxd2 26. Rxd2 Re2 27.
Rd7 Rxb2 28. a4 Ne2+ 29. Kf1 Nxc3 30. a5 Rb1+ 0-1